Quantitative Comparisons And Data Interpretation (Record no. 328633)

MARC details
000 -LEADER
fixed length control field 00472nam a2200169Ia 4500
008 - FIXED-LENGTH DATA ELEMENTS--GENERAL INFORMATION
fixed length control field 230718s9999 xx 000 0 und d
020 ## - INTERNATIONAL STANDARD BOOK NUMBER
International Standard Book Number 9781935707073
041 ## - LANGUAGE CODE
Language code of text/sound track or separate title eng
082 ## - DEWEY DECIMAL CLASSIFICATION NUMBER
Classification number 510.76
Item number MAN
100 ## - MAIN ENTRY--PERSONAL NAME
Personal name Manhattan GRE
245 ## - TITLE STATEMENT
Title Quantitative Comparisons And Data Interpretation
Remainder of title GRE Math Preparation Guide 6
260 ## - PUBLICATION, DISTRIBUTION, ETC. (IMPRINT)
Date of publication, distribution, etc. 2010
Name of publisher, distributor, etc. MG Prep, Inc.
300 ## - PHYSICAL DESCRIPTION
Extent 192
365 ## - TRADE PRICE
Currency code Rs.
Price amount 936.00
700 ## - ADDED ENTRY--PERSONAL NAME
Personal name Manhattan GRE
906 ## - LOCAL DATA ELEMENT F, LDF (RLIN)
d B:254430-Aug-2011
c MECH
b 234
Holdings
Withdrawn status Lost status Damaged status Not for loan Home library Current library Date acquired Vendor Budget Code Cost, normal purchase price Bill number Total Checkouts Full call number Barcode Date last seen Discount Cost, replacement price Bill Date Koha item type Original Barcode
        Cummins College of Engineering for Women Pune Cummins College of Engineering for Women Pune 15/09/2011 Om Book Stall MECH 702.00 2544   510.76 CCEP-BK-39840 18/07/2023 234 936.00 30/08/2011 Books 039840